| 000 | 01017nam a22001457a 4500 | ||
|---|---|---|---|
| 999 |
_c23808 _d23808 |
||
| 003 | NUST | ||
| 005 | 20170523155759.0 | ||
| 008 | 140128b xxu||||| |||| 00| 0 eng d | ||
| 020 |
_cAvailable _a13: 978-0444009852 |
||
| 040 |
_aDLC _bDLC _cRCMS |
||
| 082 |
_a519.14THO _b001441 |
||
| 100 |
_aThompson Joe F _91382 |
||
| 245 |
_aNumerical Grid Generation Foundations and Applications _cThompson Joe F |
||
| 260 |
_aMississippi State _b Elsevier Science Ltd; _ccMay 1985 |
||
| 300 |
_a502 ,p: _bill: _c25,cm. |
||
| 538 | _iShelf No 1 Row No 1 | ||
| 650 |
_aMechanical engineering _91379 |
||
| 856 | _3Table of Content Only | ||
| 942 |
_2ddc _cBK |
||